Oxford common room ; a study of Lincoln College and Mark Pattison.

Bibliographic Details
Main Author: Green, Vivian Hubert Howard
Format: Book
Language:English
Published: London : E. Arnold, [1957]
Subjects:

MARC

Tag First Indicator Second Indicator Subfields
LEADER 00000cam a2200000 4500
001 in00000072323
005 20151008052452.0
008 740111s1957 enkac b 00000 eng
010 |a  58000419  
035 |a (OCoLC)00774762 
035 |9 AAH3483AM 
040 |c CSU  |d TXA  |d UtOrBLW 
049 |a TXAM  |c [293789] 
050 0 |a LF625  |b .G7 
092 |a 378.42  |b O99g 
100 1 |a Green, Vivian Hubert Howard. 
245 1 0 |a Oxford common room ;  |b a study of Lincoln College and Mark Pattison. 
264 1 |a London :  |b E. Arnold,  |c [1957] 
300 |a 336 pages :  |b illustrations, portraits ;  |c 22cm. 
336 |a text  |b txt  |2 rdacontent 
337 |a unmediated  |b n  |2 rdamedia 
338 |a volume  |b nc  |2 rdacarrier 
504 |a Bibliographical footnotes. 
600 1 0 |a Pattison, Mark,  |d 1813-1884. 
610 1 0 |a Lincoln College (University of Oxford)  |x History. 
999 |a MARS 
999 f f |s 1e2bddbb-7d8d-342e-b06c-57be3b59d304  |i 5863fb2d-b2ea-3987-9e4a-9c1db3528697  |t 0 
952 f f |p normal  |a Texas A&M University  |b College Station  |c Sterling C. Evans Library  |d Evans: Library Stacks  |t 0  |e LF625 .G7  |h Library of Congress classification  |i unmediated -- volume  |m A14800863730 
998 f f |a LF625 .G7  |t 0  |l Evans: Library Stacks